000 00820nam a2200277 4500
999 _c3790
_d3790
003 UkOxU
005 20220210095930.0
008 860101s1968 enka b 000 0 eng d
020 _a0214667278
040 _cALUPE UNIVERSITY
049 _aCU
_ll
_m+
050 0 _aU310
_bW5 1968
092 _aD0503686886
100 1 _aWilson, Andrew,
_d1923-
245 1 4 _aThe bomb and the computer /
_cAndrew Wilson
260 _aLondon :
_bBarrie and Rockliff,
_c1968
300 _axii, 180 p :
_billus ;
_c23 cm
504 _aBibliography: p. 175-176
650 0 _aWar games
650 0 _aMilitary art and science
_xData processing
942 _2lcc
_cBK
_nMM